000 00522nam a2200181Ia 4500
001 25347
005 20260414151143.0
008 260414t2006||||xx |||||||||||||| ||spa||
041 _aESP
082 _a346.5
_bC34 T. 1
100 _aCastillo Freyre, Mario
_eAUT
245 0 _aTratado de la teoría general de los contratos :
_bla plena vigencia del código civil en la contratación contemporánea
260 _c2006
300 _apágs. :
_c20 cm.
650 _aDER
654 _aCDE
942 _cLIB
_dJUS
_fJUS
_2ddc
_n
999 _c25347
_d25347